Statistiques concernant Trouve les paroles - L'assasymphonie - Mozart, l'opéra rock

Cliquez ici pour prendre le quiz!

Statistiques générales

  • Ce quiz a été pris 76 fois
  • Le résultat moyen est 138 sur 211

Statistiques - réponses

Réponse% Correct
A
94%
La
94%
la
94%
nuit
92%
me
91%
ce
89%
Je
89%
je
89%
l'Assasymphonie
83%
mes
83%
nuits
83%
de
80%
voue
80%
cette
74%
Cette
74%
Et
74%
qui
74%
Qui
74%
voue
74%
Aux
72%
aux
72%
ma
71%
que
71%
tu
71%
tous
68%
ceux
66%
blasphèmes
65%
le
65%
requiems
65%
s'aiment
63%
folie
60%
guette
60%
maudis
60%
suis
60%
elle
58%
par
58%
insomnie
57%
J'avoue
57%
cacophonie
54%
intenable
54%
les
54%
sème
54%
tête
54%
scie
52%
dépit
51%
dit
51%
mon
51%
Mon
51%
dans
49%
Quoi
49%
Tuant
49%
On
48%
qu'il
48%
vie
48%
advienne
46%
fuis
46%
Ses
46%
ses
46%
tes
46%
sans
45%
Sans
45%
subis
45%
veux
45%
chaînes
43%
Fête
43%
harmonie
43%
symphonie
43%
défaites
42%
délits
42%
envies
42%
esprit
42%
hérésie
42%
sonne
42%
fatale
40%
faux
40%
joue
40%
paieras
40%
peines
40%
concerto
38%
être
38%
tapi
38%
traîne
38%
violence
38%
violons
38%
ennui
37%
toucher
37%
mélomanie
35%
renaître
35%
Renaître
35%
ronge
35%
tue
35%
Assomante
34%
L'ennemi
34%
noie
34%
talent
32%
défie
31%
désharmonie
31%
Pleurent
31%
renie
31%
répit
31%
beau
29%
phobies
29%
Siphonnée
28%
Déconcertants
26%

Distribution des résultats

Percentile par nombre de réponses

% des personnes avec chaque résultat

Votre développement - résultats

Vous n’avez pas pris ce quiz